| 000 | 06493cam a22020534i 4500 | ||
|---|---|---|---|
| 001 | 15556880 | ||
| 003 | PE-LiUPU | ||
| 005 | 20250813165316.0 | ||
| 005 | 20140401133209.0 | ||
| 008 | 081210s2012 nyua b 001 0 eng | ||
| 020 | _a9780071748896 (obra completa) | ||
| 020 | _a9780071632447 (vol. 1) | ||
| 020 | _a9780071748872 (vol. 2) | ||
| 035 | _a(Sirsi) i9780071748896 | ||
| 035 | _a(Sirsi) i9780071748896 | ||
| 040 |
_aDNLM/DLC _cDLC _dDLC |
||
| 050 | 0 | 0 |
_aRC46 _b.H333 2012 |
| 060 | 1 | 0 |
_aWB 115 _bH322 2011 |
| 082 | 0 | 0 |
_a616 _bH22 |
| 100 | 1 |
_aHarrison, Tinsley Randolph, _d1900- . |
|
| 245 | 0 | 0 |
_aHarrison's principles of internal medicine / _cTinsley Randolph Harrison. |
| 246 | 3 | 0 | _aPrinciples of internal medicine |
| 250 |
_a18th editions / _beditores, Dan L. Longo ... [y otros cinco]. |
||
| 264 | 1 |
_aNew York : _bMcGraw-Hill, _c2012. |
|
| 300 |
_a2 volúmenes (xliii, 3610, 158 páginas) : _bilustraciones ; _c28 centímetros + _e1 DVD-ROM (4 3/4 in.) |
||
| 504 | _aIncluye referencias bibliográficas e índice. | ||
| 505 | 0 | _aVolumen 1. Capítulos 1-223 (páginas 1-1796) -- Volumen 2. Capítulos 224-397 (páginas 1797-3583). | |
| 526 | _aP203 | ||
| 526 | _aP200 | ||
| 526 | _aSEG65 | ||
| 526 | _aSEG64 | ||
| 526 | _aSEG63 | ||
| 526 | _aSEG62 | ||
| 526 | _aSEG61 | ||
| 526 | _aSEG60 | ||
| 526 | _aSEG59 | ||
| 526 | _aSEG58 | ||
| 526 | _aSEG57 | ||
| 526 | _aSEG56 | ||
| 526 | _aSEG55 | ||
| 526 | _aSEG54 | ||
| 526 | _aSEG53 | ||
| 526 | _aSEG52 | ||
| 526 | _aSEG51 | ||
| 526 | _aSEG50 | ||
| 526 | _aSEG49 | ||
| 526 | _aSEG48 | ||
| 526 | _aSEG47 | ||
| 526 | _aSEG46 | ||
| 526 | _aSEG24 | ||
| 526 | _aSEG23 | ||
| 526 | _aSEG22 | ||
| 526 | _aSEG21 | ||
| 526 | _aSEG20 | ||
| 526 | _aSEG19 | ||
| 526 | _aSEG18 | ||
| 526 | _aSEG17 | ||
| 526 | _aSEG16 | ||
| 526 | _aSEG14 | ||
| 526 | _aSEG13 | ||
| 526 | _aSEG12 | ||
| 526 | _aSEG11 | ||
| 526 | _aSEG10 | ||
| 526 | _aSEG09 | ||
| 526 | _aSEG06 | ||
| 526 | _aSEG05 | ||
| 526 | _aSEG04 | ||
| 526 | _aSEG03 | ||
| 526 | _aSEG02 | ||
| 526 | _aSEG68 | ||
| 526 | _aSEG66 | ||
| 526 | _aSEG45 | ||
| 526 | _aSEG25 | ||
| 526 | _aSEG01 | ||
| 526 | _aP163 | ||
| 526 | _aP162 | ||
| 526 | _aP161 | ||
| 526 | _aP160 | ||
| 526 | _aP159 | ||
| 526 | _aP158 | ||
| 526 | _aP157 | ||
| 526 | _aP156 | ||
| 526 | _aP155 | ||
| 526 | _aP154 | ||
| 526 | _aP153 | ||
| 526 | _aP152 | ||
| 526 | _aP151 | ||
| 526 | _aP150 | ||
| 526 | _aP149 | ||
| 526 | _aP142 | ||
| 526 | _aP141 | ||
| 526 | _aP140 | ||
| 526 | _aP139 | ||
| 526 | _aP138 | ||
| 526 | _aP137 | ||
| 526 | _aP132 | ||
| 526 | _aP131 | ||
| 526 | _aP130 | ||
| 526 | _aP126 | ||
| 526 | _aP125 | ||
| 526 | _aP124 | ||
| 526 | _aP123 | ||
| 526 | _aP115 | ||
| 526 | _aP122 | ||
| 526 | _aP121 | ||
| 526 | _aP116 | ||
| 526 | _a P114 | ||
| 526 | _aP112 | ||
| 526 | _aP111 | ||
| 526 | _aP104 | ||
| 526 | _aP103 | ||
| 526 | _aP102 | ||
| 526 | _aP101 | ||
| 526 | _aP100 | ||
| 526 | _aP96 | ||
| 526 | _aP95 | ||
| 526 | _aP93 | ||
| 526 | _aP92 | ||
| 526 | _aP91 | ||
| 526 | _aP88 | ||
| 526 | _aP83 | ||
| 526 | _aP82 | ||
| 526 | _aP79 | ||
| 526 | _aP78 | ||
| 526 | _aP75 | ||
| 526 | _aP74 | ||
| 526 | _aP71 | ||
| 526 | _aP69 | ||
| 526 | _a P51 | ||
| 526 | _aP49 | ||
| 526 | _aP48 | ||
| 526 | _aP47 | ||
| 526 | _aP33 | ||
| 526 | _aP31 | ||
| 526 | _a P30 | ||
| 526 | _aP29 | ||
| 526 | _aP27 | ||
| 526 | _aP26 | ||
| 526 | _aP25 | ||
| 526 | _aP24 | ||
| 526 | _a P22 | ||
| 526 | _aP10 | ||
| 526 | _aP09 | ||
| 526 | _a P08 | ||
| 526 | _aP06 | ||
| 526 | _aP05 | ||
| 526 | _aP04 | ||
| 526 | _aP01 | ||
| 650 | 1 | 4 | _aMedicina Interna. |
| 700 | 1 |
_aLongo, Dan L. _q(Dan Louis), _d1949- . |
|
| 942 |
_2ddc _cBOOK |
||
| 949 |
_a616 H22 1 _i70456 _lCCODEBUL1 _mBUL _tLIBRO _o.STAFF. Colección General |
||
| 949 |
_a616 H22 1 _i70457 _lCCODEBUL1 _mBUL _tLIBRO _o.STAFF. Colección General |
||
| 949 |
_a616 H22 1 _i70458 _lCCODEBUL1 _mBUL _tLIBRO _o.STAFF. Colección General |
||
| 949 |
_a616 H22 1 _i70459 _lCCODEBUL1 _mBUL _tLIBRO _o.STAFF. Colección General |
||
| 949 |
_a616 H22 1 _i70460 _lCCODEBUL1 _mBUL _tLIBRO _o.STAFF. Colección General |
||
| 949 |
_a616 H22 2 _i70461 _lCCODEBUL1 _mBUL _tLIBRO _o.STAFF. Colección General |
||
| 949 |
_a616 H22 2 _i70462 _lCCODEBUL1 _mBUL _tLIBRO _o.STAFF. Colección General |
||
| 949 |
_a616 H22 2 _i70463 _lCCODEBUL1 _mBUL _tLIBRO _o.STAFF. Colección General |
||
| 949 |
_a616 H22 2 _i70464 _lCCODEBUL1 _mBUL _tLIBRO _o.STAFF. Colección General |
||
| 949 |
_a616 H22 2 _i70465 _lCCODEBUL1 _mBUL _tLIBRO _o.STAFF. Colección General |
||
| 596 | _a1 | ||
| 999 |
_a616 H22 1 _wDEWEY _c6376 _i70456 _d6376 _e2015-10-15 _f2021-11-4 _g5 _lCCODEBUL1 _mBUL _n1 _p125.00 _q4 _r0 _sY _tBOOK _u2015-7-6 _xSALUD _PP30 _0COMPRA _o.STAFF. Colección Ciencias de la Salud |
||
| 999 |
_a616 H22 1 _wDEWEY _c2 _i70457 _d2018-9-12 _f2021-11-4 _g6 _lCCODEBUL1 _mBUL _p125.00 _q1 _r0 _sY _tBOOK _u2015-7-6 _xSALUD _PP30 _0COMPRA _o.STAFF. Colección General |
||
| 999 |
_a616 H22 1 _wDEWEY _c3 _i70458 _d2019-11-18 _f2021-11-4 _g7 _lCCODEBUL1 _mBUL _p125.00 _q2 _r0 _sY _tBOOK _u2015-7-6 _xSALUD _PP30 _0COMPRA _o.STAFF. Colección General |
||
| 999 |
_a616 H22 1 _wDEWEY _c4 _i70459 _d2018-9-12 _f2021-11-4 _g6 _lCCODEBUL1 _mBUL _p125.00 _q1 _r0 _sY _tBOOK _u2015-7-6 _xSALUD _PP30 _0COMPRA _o.STAFF. Colección General |
||
| 999 |
_a616 H22 1 _wDEWEY _c5 _i70460 _d2019-1-14 _f2021-11-4 _g6 _lCCODEBUL1 _mBUL _p125.00 _q3 _r0 _sY _tBOOK _u2015-7-6 _xSALUD _PP30 _0COMPRA _o.STAFF. Colección General |
||
| 999 |
_a616 H22 2 _wDEWEY _c1 _i70461 _d2020-1-23 _e2016-8-14 _f2021-11-4 _g6 _lCCODEBUL1 _mBUL _n1 _p125.00 _q2 _r0 _sY _tBOOK _u2015-7-6 _xSALUD _PP30 _0COMPRA _o.STAFF. Colección Ciencias de la Salud |
||
| 999 |
_a616 H22 2 _wDEWEY _c2 _i70462 _f2021-11-4 _g6 _lCCODEBUL1 _mBUL _p125.00 _r0 _sY _tBOOK _u2015-7-6 _xSALUD _PP30 _0COMPRA _o.STAFF. Colección General |
||
| 999 |
_a616 H22 2 _wDEWEY _c3 _i70463 _d2018-10-3 _f2021-11-4 _g5 _lCCODEBUL1 _mBUL _p125.00 _q2 _r0 _sY _tBOOK _u2015-7-6 _xSALUD _PP30 _0COMPRA _o.STAFF. Colección General |
||
| 999 |
_a616 H22 2 _wDEWEY _c4 _i70464 _f2021-11-4 _g5 _lCCODEBUL1 _mBUL _p125.00 _r0 _sY _tBOOK _u2015-7-6 _xSALUD _PP30 _0COMPRA _o.STAFF. Colección General |
||
| 999 |
_a616 H22 2 _wDEWEY _c5 _i70465 _d2019-11-5 _e2016-10-14 _f2021-11-4 _g5 _lCCODEBUL1 _mBUL _n4 _p125.00 _q5 _r0 _sY _tBOOK _u2015-7-6 _xSALUD _PP30 _0COMPRA _o.STAFF. Colección Ciencias de la Salud |
||
| 980 |
_81 _gALBERTO SANCHEZ Responsable de Automatización |
||